000 00916cam a2200265 a 4500
001 20545
003 BD-RjUL
005 20211209000559.0
008 140301r19971977gw a b 001 0 eng
020 _a0387113169 (U.S.)
035 _a(BD-RjUL)20607
040 _aDLC
_cDLC
_dDLC
_dBD-RjUL
_beng
041 _aeng
082 0 0 _a581.0724
_219
_bPLA
245 1 0 _aPlant cell and tissue culture :
_ba laboratory manual /
_cJ. Reinert, M.M. Yeoman ; layout illustrations by P. Macdonald.
260 _aBerlin ;
_aNew York :
_bSpringer-Verlag,
_c1977 [reprinted 1997]
300 _a803 p. :
_bill. ;
_c28 cm.
504 _aIncludes Bibliography: p. 67 and index.
650 0 _aPlant cell culture
_xLaboratory manuals.
_963399
650 0 _aPlant tissue culture
_xLaboratory manuals.
_963400
700 1 _aYeoman, M. M.
_q(Michael Magson)
_937472
942 _2ddc
_cBK
999 _c20545
_d20545